00664nam a2200205Ia 4500003000900000008004100009020001800050040001600068080001700084100002700101245009100128260003600219300001000255650001800265650004100283650001900324942000700343999001500350952009300365IN-BaIIA211028s9999 xx 000 0 eng d a0-500-10008-X cIIA Library a52(091)bKIL aKilmister, Clive99830 4aThe nature of the universecClive Kilmister  aLondonbThames and Hudsonc1971 a216p. aAstronomy980 aAstronomy and astrophysics thesaurus aUniverse91987 cBK c5664d5664 00104070aBANbBANcGENd1977-12-06l0o52(091)/ KILp6336r2021-11-05w1977-12-06yBK